[Event "Porto Alegre Metropole op 2nd"]
[Site "Porto Alegre"]
[Date "2019.08.04"]
[Round "5"]
[White "Kuciak, Alexandre"]
[Black "Vieira, Regina Teresinha"]
[Result "1/2-1/2"]
[WhiteElo "1566"]
[BlackElo "1773"]
[PlyCount "49"]
[EventDate "2019.08.02"]
[EventType "swiss"]
[EventRounds "5"]
[EventCountry "BRA"]
[SourceTitle "EXT 2020"]
[Source "ChessBase"]
[SourceDate "2019.10.17"]
[SourceVersion "1"]
[SourceVersionDate "2019.10.17"]
[SourceQuality "1"]

1. d4 e6 2. Nf3 d5 3. e3 Nd7 4. b3 c5 5. Bb2 Ngf6 6. Bd3 Be7 7. 0-0 0-0 8. Nbd2 b6 9. Ne5 Bb7 10. f4 cxd4 11. exd4 Ne8 12. Rf3 f6 13. Bxh7+ Kh8 14. Ng6+ Kxh7 15. Rh3+ Kg8 16. Qh5 Nd6 17. Nh8 Re8 18. Qh7+ Kf8 19. Ng6+ Kf7 20. Qh5 Kg8 21. Nh8 f5 22. Qh7+ Kf8 23. Ng6+ Kf7 24. Qh5 Kg8 25. Qh7+ 1/2-1/2

[Event "Porto Alegre Metropole op 2nd"]
[Site "Porto Alegre"]
[Date "2019.08.02"]
[Round "1"]
[White "Kuciak, Alexandre"]
[Black "Pedroso, Denian"]
[Result "1-0"]
[WhiteElo "1566"]
[BlackElo "1882"]
[PlyCount "91"]
[EventDate "2019.08.02"]
[EventType "swiss"]
[EventRounds "5"]
[EventCountry "BRA"]
[SourceTitle "EXT 2020"]
[Source "ChessBase"]
[SourceDate "2019.10.17"]
[SourceVersion "1"]
[SourceVersionDate "2019.10.17"]
[SourceQuality "1"]

1. d4 Nf6 2. Nf3 g6 3. e3 Bg7 4. b3 c5 5. Bb2 0-0 6. dxc5 Qa5+ 7. Nbd2 Ne4 8. Bxg7 Kxg7 9. Bc4 Nc3 10. Qc1 f6 11. Qb2 Nb5 12. b4 Qa3 13. Qxa3 Nxa3 14. Bd3 a6 15. Ne4 f5 16. Nc3 Nc6 17. Nb1 e5 18. Nxa3 e4 19. Bxe4 fxe4 20. Nd2 Nxb4 21. Nxe4 d5 22. Nd6 Bf5 23. Nxf5+ Rxf5 24. Rb1 a5 25. 0-0 Rf7 26. Rb2 Rc8 27. c3 Na6 28. Nb5 Rxc5 29. Nd6 Rfc7 30. Ne8+ Kf7 31. Nxc7 Rxc7 32. Rfb1 Nc5 33. Rb5 Ne4 34. Rxb7 Rxb7 35. Rxb7+ Ke6 36. Rxh7 Nxc3 37. Ra7 a4 38. a3 Kd6 39. Rb7 Kc5 40. Rb4 g5 41. g3 g4 42. Rxg4 Kb5 43. h4 Ka5 44. h5 Nb1 45. h6 Nxa3 46. Rxa4+ 1-0

[Event "Porto Alegre Metropole op 1st"]
[Site "Porto Alegre"]
[Date "2019.05.05"]
[Round "5"]
[White "Bidigaray, Marcio"]
[Black "Kuciak, Alexandre"]
[Result "1-0"]
[WhiteElo "1613"]
[BlackElo "1602"]
[PlyCount "81"]
[EventDate "2019.05.03"]
[EventType "swiss"]
[EventRounds "5"]
[EventCountry "BRA"]
[SourceTitle "CBM 190 Extra"]
[Source "ChessBase"]
[SourceDate "2019.07.15"]
[SourceVersion "1"]
[SourceVersionDate "2019.07.15"]
[SourceQuality "1"]

1. e4 d6 2. d4 g6 3. Nf3 Bg7 4. Bc4 e6 5. 0-0 Ne7 6. Bg5 h6 7. Bxe7 Qxe7 8. c3 0-0 9. Nbd2 b6 10. h3 Bb7 11. Re1 c5 12. d5 e5 13. Nf1 Nd7 14. Ne3 Nf6 15. Ng4 Nh5 16. Kh2 Bc8 17. g3 f5 18. exf5 Bxf5 19. Nxh6+ Bxh6 20. Nxe5 dxe5 21. d6+ Qe6 22. Bxe6+ Bxe6 23. Qe2 Bg7 24. b3 Rf7 25. Rf1 Rd8 26. Rad1 Rfd7 27. Qe4 Bf7 28. c4 Nf6 29. Qe2 Ne8 30. Rd3 Nxd6 31. Rfd1 e4 32. R3d2 Bd4 33. Rxd4 cxd4 34. Rxd4 Re8 35. Qg4 Re6 36. h4 Rde7 37. h5 Nf5 38. Rd8+ Kg7 39. hxg6 Bxg6 40. Qh3 e3 41. Qh8+ 1-0

[Event "Porto Alegre Metropole op 1st"]
[Site "Porto Alegre"]
[Date "2019.05.05"]
[Round "4"]
[White "Kuciak, Alexandre"]
[Black "Friedrich, Carlos Ernesto Gall"]
[Result "0-1"]
[WhiteElo "1602"]
[BlackElo "1639"]
[PlyCount "52"]
[EventDate "2019.05.03"]
[EventType "swiss"]
[EventRounds "5"]
[EventCountry "BRA"]
[SourceTitle "CBM 190 Extra"]
[Source "ChessBase"]
[SourceDate "2019.07.15"]
[SourceVersion "1"]
[SourceVersionDate "2019.07.15"]
[SourceQuality "1"]

1. d4 d5 2. Nf3 Bf5 3. e3 Nf6 4. b3 e6 5. Nbd2 Bb4 6. Bb2 Ne4 7. Bd3 Nc3 8. Qc1 Ne4 9. a3 Bxd2+ 10. Nxd2 Qg5 11. g3 Nd7 12. c4 Nxf2 13. Kxf2 Bxd3 14. cxd5 Nf6 15. h3 Nxd5 16. Nf3 Qf6 17. Qd1 Be4 18. Rf1 Qh6 19. Qd2 Qxh3 20. Qe2 Qf5 21. Rad1 g5 22. Ke1 Qg4 23. Qb5+ c6 24. Qxb7 Qxg3+ 25. Ke2 0-0 26. Ne5 Qxe3# 0-1

[Event "Porto Alegre Metropole-ch"]
[Site "Porto Alegre"]
[Date "2018.12.01"]
[Round "2"]
[White "Kuciak, Alexandre"]
[Black "Borba da Rosa, Rodrigo"]
[Result "1-0"]
[WhiteElo "1635"]
[BlackElo "1273"]
[PlyCount "71"]
[EventDate "2018.11.30"]
[EventType "swiss"]
[EventRounds "5"]
[EventCountry "BRA"]
[SourceTitle "CBM 187 Extra"]
[Source "ChessBase"]
[SourceDate "2018.11.04"]
[SourceVersion "1"]
[SourceVersionDate "2018.11.04"]
[SourceQuality "1"]

1. d4 d5 2. Nf3 Bg4 3. e3 Nf6 4. b3 e6 5. Bb2 Bd6 6. Bd3 Nbd7 7. 0-0 0-0 8. Nbd2 e5 9. Be2 Bxf3 10. Nxf3 e4 11. Ne5 Qe7 12. Nxd7 Nxd7 13. f4 f5 14. c4 c6 15. cxd5 cxd5 16. Rc1 a6 17. Bc3 Rfc8 18. g4 Rc6 19. gxf5 Rac8 20. Bd2 Ba3 21. Rxc6 Rxc6 22. Bh5 Rh6 23. Be1 Rc6 24. Qg4 Nf6 25. Qh3 Nxh5 26. Qxh5 Rc2 27. Kh1 Qf7 28. Qg4 Be7 29. Ba5 Rxa2 30. Bc7 Bf6 31. Be5 Kf8 32. Rc1 Bxe5 33. Rc8+ Ke7 34. fxe5 Rc2 35. Rxc2 Kd8 36. f6 1-0

[Event "Porto Alegre Metropole-ch"]
[Site "Porto Alegre"]
[Date "2018.12.01"]
[Round "3"]
[White "Perondi, Rodolfo Antonio"]
[Black "Kuciak, Alexandre"]
[Result "1-0"]
[WhiteElo "1889"]
[BlackElo "1635"]
[PlyCount "75"]
[EventDate "2018.11.30"]
[EventType "swiss"]
[EventRounds "5"]
[EventCountry "BRA"]
[SourceTitle "CBM 187 Extra"]
[Source "ChessBase"]
[SourceDate "2018.11.04"]
[SourceVersion "1"]
[SourceVersionDate "2018.11.04"]
[SourceQuality "1"]

1. e4 d6 2. d4 g6 3. Bc4 Bg7 4. Nf3 Bg4 5. Bxf7+ Kxf7 6. Ng5+ Ke8 7. Qxg4 Nf6 8. Qe6 Rf8 9. Nc3 Qd7 10. Qxd7+ Kxd7 11. h3 h6 12. Nf3 Nc6 13. Be3 Rae8 14. 0-0-0 e5 15. d5 Na5 16. Nd2 b6 17. b4 Nb7 18. Nb3 Rc8 19. b5 Ra8 20. a4 a6 21. Kb2 axb5 22. axb5 Na5 23. Nxa5 Rxa5 24. Ra1 Rfa8 25. Rxa5 Rxa5 26. g4 Nxe4 27. Nxe4 Rxb5+ 28. Kc3 Rxd5 29. Ra1 Rb5 30. Kc4 Rb2 31. c3 c6 32. Ra7+ Ke6 33. Nxd6 Kxd6 34. Rxg7 e4 35. Rxg6+ Kc7 36. Rxh6 b5+ 37. Kc5 Kb7 38. Rh7+ 1-0

[Event "Porto Alegre op"]
[Site "Porto Alegre"]
[Date "2017.11.26"]
[Round "4"]
[White "Kuciak, Alexandre"]
[Black "Schmidt, Nelton Vantuir"]
[Result "0-1"]
[WhiteElo "1638"]
[BlackElo "1820"]
[PlyCount "118"]
[EventDate "2017.11.24"]
[EventType "swiss"]
[EventRounds "5"]
[EventCountry "BRA"]
[SourceTitle "CBM 181 Extra"]
[Source "ChessBase"]
[SourceDate "2017.12.12"]
[SourceVersion "1"]
[SourceVersionDate "2017.12.12"]
[SourceQuality "1"]

1. e4 c6 2. Nc3 d5 3. Nf3 dxe4 4. Nxe4 h6 5. Bc4 e6 6. a3 Nf6 7. Nxf6+ Qxf6 8. d4 Bd6 9. 0-0 Bf4 10. Re1 0-0 11. c3 Bxc1 12. Rxc1 g6 13. Qd2 Kg7 14. Bd3 Rh8 15. Ne5 Nd7 16. Ng4 Qg5 17. Qd1 h5 18. Ne3 Nf6 19. Nc4 Nd7 20. Re3 Qe7 21. Qf3 Qg5 22. Nd6 Rf8 23. Rce1 Qg4 24. Qxg4 hxg4 25. Rg3 Nf6 26. Be2 Rd8 27. Nc4 a5 28. Bxg4 Nxg4 29. Rxg4 e5 30. Rge4 exd4 31. cxd4 Be6 32. Nd2 Rd7 33. Rf4 Rad8 34. Nf3 Rd5 35. h3 Rb5 36. Re2 Rd7 37. Rh4 Rd8 38. Ng5 Rxg5 39. Re3 c5 40. dxc5 Rxc5 41. b4 axb4 42. Rxb4 Rd7 43. a4 Rdc7 44. Ra3 Ra5 45. Rd4 Rc4 46. Rd8 Rcxa4 47. Rc3 Ra8 48. Rd6 Rb8 49. Rc7 Kf8 50. g4 b5 51. f3 b4 52. Rd4 Ra1+ 53. Kg2 b3 54. Rd2 b2 55. Rxb2 Rxb2+ 56. Kg3 Rb3 57. Kf4 Kg7 58. Rc5 Raa3 59. h4 Rxf3+ 0-1

[Event "Porto Alegre Oncosinos op"]
[Site "Porto Alegre"]
[Date "2016.11.27"]
[Round "4"]
[White "Graebin, Nicoly Alves"]
[Black "Kuciak, Alexandre"]
[Result "0-1"]
[WhiteElo "1754"]
[BlackElo "1659"]
[PlyCount "148"]
[EventDate "2016.11.25"]
[EventType "swiss"]
[EventRounds "5"]
[EventCountry "BRA"]
[SourceTitle "CBM 175 Extra"]
[Source "ChessBase"]
[SourceDate "2016.12.12"]
[SourceVersion "1"]
[SourceVersionDate "2016.12.12"]
[SourceQuality "1"]

1. e4 c5 2. Nf3 d6 3. d4 cxd4 4. Nxd4 Nf6 5. Bd3 Bg4 6. f3 Bd7 7. Nc3 g6 8. Bg5 Bg7 9. 0-0 Qa5 10. Qd2 0-0 11. Rad1 a6 12. Bc4 Qb6 13. Rb1 e5 14. Bxf6 Bxf6 15. Nd5 Qd8 16. Nxf6+ Qxf6 17. Ne2 Be6 18. Bxe6 Qxe6 19. f4 Nc6 20. a3 Rad8 21. Rfd1 Rc8 22. c3 Na5 23. g3 Nb3 24. Qe1 Rc4 25. Nc1 Nxc1 26. Rbxc1 exf4 27. Rd4 Rxd4 28. cxd4 fxg3 29. hxg3 Re8 30. e5 dxe5 31. dxe5 Qxe5 32. Qxe5 Rxe5 33. Rc7 Rb5 34. b4 Kg7 35. Rc8 a5 36. bxa5 Rxa5 37. Rb8 b5 38. Kg2 h5 39. Kh3 g5 40. g4 Rxa3+ 41. Kg2 Ra2+ 42. Kf1 Rb2 43. Ke1 h4 44. Kf1 b4 45. Kg1 b3 46. Kf1 h3 47. Kg1 Rg2+ 48. Kh1 b2 49. Rb5 Rc2 50. Rxg5+ Kf8 51. Rb5 Rc1+ 52. Kh2 b1Q 53. Rxb1 Rxb1 54. Kxh3 Kg7 55. Kh4 Kg6 56. Kg3 Kg5 57. Kf3 Rb4 58. Kg3 Rxg4+ 59. Kf2 f5 60. Kf3 Kh4 61. Kf2 Rg3 62. Kf1 Kh3 63. Ke2 Kh2 64. Kf2 f4 65. Kf1 Ra3 66. Ke2 Kg3 67. Ke1 Kf3 68. Kd1 Ke3 69. Kc1 f3 70. Kd1 f2 71. Kc2 Rd3 72. Kc1 f1Q+ 73. Kc2 Qe2+ 74. Kc1 Rd1# 0-1

[Event "Porto Alegre IRT U2200 2nd"]
[Site "Porto Alegre"]
[Date "2016.09.04"]
[Round "5.13"]
[White "Kuciak, Alexandre"]
[Black "Borba da Rosa, Rodrigo"]
[Result "0-1"]
[WhiteElo "1659"]
[BlackElo "1760"]
[PlyCount "98"]
[EventDate "2016.09.03"]
[EventType "swiss"]
[EventRounds "5"]
[EventCountry "BRA"]
[SourceTitle "EXT 2022"]
[Source "ChessBase"]
[SourceDate "2021.10.06"]
[SourceVersion "1"]
[SourceVersionDate "2021.10.06"]
[SourceQuality "1"]

1. e4 c6 2. Nc3 d5 3. e5 g6 4. d4 Bg7 5. Nf3 Bg4 6. h3 Bxf3 7. Qxf3 f6 8. e6 Na6 9. Bf4 Nc7 10. Qe3 Qc8 11. Bxc7 Qxc7 12. Bd3 Qb6 13. b3 f5 14. Ne2 Bh6 15. f4 Nf6 16. Ng3 Qa5+ 17. Ke2 Ne4 18. Bxe4 dxe4 19. Nf1 Qd5 20. c4 Qxe6 21. g3 Qf7 22. Nd2 Bg7 23. Rad1 b6 24. b4 0-0 25. Rhf1 Rfd8 26. Nb3 Qxc4+ 27. Ke1 Qxb4+ 28. Nd2 Bxd4 29. Qb3+ Qxb3 30. Nxb3 e5 31. Ke2 exf4 32. gxf4 c5 33. Rc1 Bf6 34. a4 Rd3 35. Nd2 Rad8 36. Nc4 Rc3 37. Ne5 Rxc1 38. Rxc1 Bxe5 39. fxe5 Rd5 40. e6 Kf8 41. Ke3 Ke7 42. Kf4 Kxe6 43. a5 b5 44. h4 c4 45. Rg1 Rd8 46. h5 Rg8 47. Rd1 g5+ 48. Ke3 Rf8 49. Kd4 Rd8+ 0-1

[Event "Porto Alegre IRT U2200 2nd"]
[Site "Porto Alegre"]
[Date "2016.09.03"]
[Round "3.12"]
[White "Kuciak, Alexandre"]
[Black "Friedrich, Carlos Ernesto Gall"]
[Result "1/2-1/2"]
[WhiteElo "1659"]
[BlackElo "1677"]
[PlyCount "74"]
[EventDate "2016.09.03"]
[EventType "swiss"]
[EventRounds "5"]
[EventCountry "BRA"]
[SourceTitle "EXT 2022"]
[Source "ChessBase"]
[SourceDate "2021.10.06"]
[SourceVersion "1"]
[SourceVersionDate "2021.10.06"]
[SourceQuality "1"]

1. e4 e5 2. Nf3 Nc6 3. Bb5 Nge7 4. 0-0 g6 5. c3 Bg7 6. d4 0-0 7. d5 Nb8 8. Re1 d6 9. h3 a6 10. Ba4 b5 11. Bb3 c5 12. Bg5 Nd7 13. Nbd2 h6 14. Bh4 g5 15. Nxg5 hxg5 16. Bxg5 Nf6 17. Re3 Ng6 18. h4 Nf4 19. Rg3 N4h5 20. Bxf6 Nxf6 21. h5 Kh7 22. Qf3 Bh6 23. Qe2 Bf4 24. Rf1 Bxg3 25. fxg3 Bg4 26. Qe3 Nxh5 27. Rf5 Bxf5 28. exf5 Rg8 29. Ne4 f6 30. Bd1 Ng7 31. g4 Ne8 32. Qh3+ Kg7 33. Qh5 Kf8 34. Qh6+ Rg7 35. g5 fxg5 36. f6 Nxf6 37. Nxf6 Raa7 1/2-1/2

[Event "Porto Alegre IRT U2200 1st"]
[Site "Porto Alegre"]
[Date "2016.04.10"]
[Round "4.18"]
[White "Kuciak, Alexandre"]
[Black "Borba da Rosa, Rodrigo"]
[Result "0-1"]
[WhiteElo "1731"]
[BlackElo "1800"]
[PlyCount "74"]
[EventDate "2016.04.09"]
[EventType "swiss"]
[EventRounds "5"]
[EventCountry "BRA"]
[SourceTitle "EXT 2022"]
[Source "ChessBase"]
[SourceDate "2021.10.06"]
[SourceVersion "1"]
[SourceVersionDate "2021.10.06"]
[SourceQuality "1"]

1. e4 c6 2. Nc3 g6 3. Nf3 d5 4. d4 Bg4 5. h3 Bxf3 6. gxf3 Bg7 7. Be3 Nf6 8. e5 Nfd7 9. Qd2 0-0 10. 0-0-0 f6 11. f4 f5 12. h4 Kf7 13. h5 Rg8 14. Bd3 e6 15. f3 Na6 16. Qg2 Nf8 17. Rh3 Qe8 18. Rg1 Ke7 19. Rg3 Bh8 20. h6 b5 21. a3 Nc7 22. Nd1 a5 23. Nf2 Kd7 24. Nh3 Qe7 25. Qd2 b4 26. a4 Qh4 27. c3 bxc3 28. Qxc3 Qxh6 29. R1g2 Na6 30. Rc2 Nb4 31. Kd2 Qh4 32. Bf2 Qe7 33. Qb3 Rb8 34. Qc3 h6 35. Be1 Nh7 36. Ke3 Rgc8 37. Rxg6 Nxc2+ 0-1

[Event "Porto Alegre IRT U2200 1st"]
[Site "Porto Alegre"]
[Date "2016.04.09"]
[Round "3.17"]
[White "Kuciak, Alexandre"]
[Black "Da Silva, Anderson Batista Br"]
[Result "0-1"]
[WhiteElo "1731"]
[BlackElo "1800"]
[PlyCount "122"]
[EventDate "2016.04.09"]
[EventType "swiss"]
[EventRounds "5"]
[EventCountry "BRA"]
[SourceTitle "EXT 2022"]
[Source "ChessBase"]
[SourceDate "2021.10.06"]
[SourceVersion "1"]
[SourceVersionDate "2021.10.06"]
[SourceQuality "1"]

1. c4 f5 2. b3 Nf6 3. Bb2 e6 4. d4 b6 5. a3 Bb7 6. Nd2 Nc6 7. Ngf3 Ne7 8. Qc2 Ng6 9. e3 Be7 10. Bd3 0-0 11. 0-0 c5 12. e4 fxe4 13. Nxe4 Nf4 14. Rfe1 Nxd3 15. Qxd3 Bxe4 16. Rxe4 Nxe4 17. Qxe4 Bf6 18. Rd1 Qe8 19. a4 cxd4 20. Bxd4 Bxd4 21. Rxd4 Qf7 22. Qd3 Rad8 23. Qd2 Qf5 24. Qd1 e5 25. Rd5 d6 26. Kf1 Qf4 27. Rxd6 Rxd6 28. Qxd6 Qc1+ 29. Ne1 Qb2 30. Qd5+ Kh8 31. f3 Qxb3 32. Nd3 Qd1+ 33. Kf2 Qxa4 34. Nxe5 Qe8 35. Ke3 Qe7 36. Kd4 g6 37. g3 Kg7 38. Ke4 Re8 39. f4 Qe6 40. Qxe6 Rxe6 41. Kd5 Re8 42. Kd6 Kf6 43. h4 h5 44. Nd7+ Kf5 45. Ne5 Rd8+ 46. Nd7 Kg4 47. Kc7 Rxd7+ 48. Kxd7 Kxg3 49. Kc7 Kxf4 50. Kb7 g5 51. hxg5 Kxg5 52. Kxa7 h4 53. Kxb6 h3 54. c5 h2 55. c6 h1Q 56. Kc7 Kf6 57. Kd7 Qd5+ 58. Kc7 Ke6 59. Kb7 Kd6 60. Kb8 Kxc6 61. Ka7 Qb3 0-1

[Event "Porto Alegre IRT U2200 1st"]
[Site "Porto Alegre"]
[Date "2016.04.09"]
[Round "1.16"]
[White "Oliveira, Danyel Angelo Aquin"]
[Black "Kuciak, Alexandre"]
[Result "1-0"]
[WhiteElo "1716"]
[BlackElo "1731"]
[PlyCount "39"]
[EventDate "2016.04.09"]
[EventType "swiss"]
[EventRounds "5"]
[EventCountry "BRA"]
[SourceTitle "EXT 2022"]
[Source "ChessBase"]
[SourceDate "2021.10.06"]
[SourceVersion "1"]
[SourceVersionDate "2021.10.06"]
[SourceQuality "1"]

1. e4 c5 2. Nf3 d6 3. Bb5+ Nd7 4. d4 cxd4 5. Qxd4 a6 6. Bxd7+ Bxd7 7. Nc3 Bg4 8. Be3 Bxf3 9. gxf3 e6 10. f4 Qh4 11. Qa4+ b5 12. Nxb5 Qd8 13. Nc7+ Ke7 14. Bb6 Qb8 15. Qc6 Qc8 16. e5 Qd7 17. exd6+ Kd8 18. Qxa8+ Qc8 19. Nxe6+ Kd7 20. Nxf8+ 1-0

[Event "Porto Alegre Oncosinos op"]
[Site "Porto Alegre"]
[Date "2015.09.07"]
[Round "6"]
[White "Kuciak, Alexandre"]
[Black "Izidro, Paulo Ricardo"]
[Result "1-0"]
[WhiteElo "1800"]
[BlackElo "1800"]
[PlyCount "73"]
[EventDate "2015.09.04"]
[EventType "swiss"]
[EventRounds "7"]
[EventCountry "BRA"]
[SourceTitle "EXT 2016"]
[Source "ChessBase"]
[SourceDate "2015.10.08"]
[SourceVersion "1"]
[SourceVersionDate "2015.10.08"]
[SourceQuality "1"]

1. e4 e5 2. Nf3 Nc6 3. Bc4 Be7 4. d4 d6 5. d5 Na5 6. Bd3 b6 7. b4 Nb7 8. Bb5+ Bd7 9. Ba6 Rb8 10. 0-0 Nf6 11. Re1 0-0 12. h3 c6 13. c4 c5 14. a3 Ne8 15. Nc3 f5 16. Qd3 f4 17. Nb5 Bxb5 18. Bxb5 Nc7 19. Bc6 Qc8 20. Nd2 Nd8 21. Ba4 Nf7 22. Nb1 Ng5 23. Nc3 Rf6 24. h4 Nf7 25. Bd1 Nh6 26. f3 Rg6 27. h5 Rg5 28. g4 Qe8 29. Kf1 g6 30. Ra2 gxh5 31. Rh2 Qg6 32. Ree2 hxg4 33. fxg4 Nxg4 34. Rhg2 f3 35. Bxg5 fxe2+ 36. Qxe2 Qxg5 37. Rxg4 1-0

[Event "Porto Alegre Oncosinos op"]
[Site "Porto Alegre"]
[Date "2015.09.05"]
[Round "2"]
[White "Kuciak, Alexandre"]
[Black "Gomes, Homero Araujo"]
[Result "0-1"]
[WhiteElo "1800"]
[BlackElo "1624"]
[PlyCount "71"]
[EventDate "2015.09.04"]
[EventType "swiss"]
[EventRounds "7"]
[EventCountry "BRA"]
[SourceTitle "EXT 2016"]
[Source "ChessBase"]
[SourceDate "2015.10.08"]
[SourceVersion "1"]
[SourceVersionDate "2015.10.08"]
[SourceQuality "1"]

1. e4 e5 2. Nf3 Nc6 3. Bb5 a6 4. Ba4 Nf6 5. 0-0 d6 6. d3 Be7 7. h3 0-0 8. a3 Bd7 9. c3 b5 10. Bb3 Na5 11. Ba2 h6 12. Re1 c5 13. b4 Nb7 14. Be3 Qc7 15. Nbd2 Nh7 16. Nf1 Nd8 17. bxc5 dxc5 18. Rc1 Be6 19. Bxe6 Nxe6 20. d4 exd4 21. cxd4 c4 22. Qd2 Bxa3 23. Rc2 a5 24. Rb1 Bb4 25. Qc1 Qe7 26. Ng3 Nhg5 27. Ne5 Rac8 28. Nf5 Qa7 29. d5 Bc5 30. Nc6 Rxc6 31. dxc6 Nxe4 32. Rxb5 Bxe3 33. Qxe3 Qxe3 34. Nxe3 Nd6 35. Rxa5 Rc8 36. Rxc4 0-1

[Event "Porto Alegre Oncosinos op"]
[Site "Porto Alegre"]
[Date "2015.09.04"]
[Round "1"]
[White "Deste, Dayan Kuhn"]
[Black "Kuciak, Alexandre"]
[Result "1-0"]
[WhiteElo "1920"]
[BlackElo "1800"]
[PlyCount "91"]
[EventDate "2015.09.04"]
[EventType "swiss"]
[EventRounds "7"]
[EventCountry "BRA"]
[SourceTitle "EXT 2016"]
[Source "ChessBase"]
[SourceDate "2015.10.08"]
[SourceVersion "1"]
[SourceVersionDate "2015.10.08"]
[SourceQuality "1"]

1. e4 c5 2. Nf3 d6 3. d4 cxd4 4. Nxd4 Nf6 5. Nc3 g6 6. f3 Bg7 7. Be3 0-0 8. Qd2 Nc6 9. 0-0-0 d5 10. Kb1 Nxd4 11. Bxd4 e6 12. exd5 a6 13. Bc5 Re8 14. dxe6 Bxe6 15. Qxd8 Raxd8 16. Be2 Nd7 17. Bd4 b5 18. a3 Bf8 19. Ne4 Bf5 20. Bd3 Be7 21. Rhe1 Rc8 22. b4 Rc6 23. Nc5 Bxd3 24. Rxd3 Nxc5 25. Bxc5 Re6 26. Rxe6 fxe6 27. Bxe7 Rxe7 28. Rd6 Kf7 29. Rxa6 Rd7 30. Kc1 Kf6 31. Rc6 Rd5 32. c4 Rd3 33. cxb5 Rxa3 34. b6 Ra4 35. b5 Ra5 36. Rc5 Ra8 37. b7 Rb8 38. Rc7 h6 39. Kc2 Ke5 40. Kc3 Kd5 41. Kb4 Kd6 42. b6 e5 43. Kb5 Kd5 44. Ka6 Rd8 45. Rc8 Rd6 46. b8Q 1-0